Sociology: Gender Differences - Legislation & Statistics - Statistics

General Stats
  • This quiz has been taken 9 times
  • The average score is 17 of 22
Answer Stats
Answer Hint % Correct
Central Female Character In a study in the BBC Documentary, 'No More Boys & Girls - Can Our Kids Go Gender Free?', in 6000 books, 31% of them had this.
100%
Female-headed Lone-parent Families Large numbers of boys are being brought up in the 1.5 million families of this family type in the UK.This could be said to show a lack of male role models at home, which could be a factor to cause boys' underachievement.
100%
Gender Pay Gap This has halved between men and women since 1975, from 30% to 15%. For full-time employees under 40, it is close to 0.
100%
Proportion of Women in Employment This has risen from 53% in 1971, to 72% in 2020. The growth of the service sector and flexible part-time work has offered opportunities for this group.
100%
Reading Interest Research suggests boys stop having this by about 8 years old.
100%
Reluctant Readers In 2023, a poll commissioned by GL Assessment found that 71% of secondary school teachers say there has been an increase in these types of readers in the past 3 years.
100%
Sex Discrimination Act 1975 This legislation outlawed gender discrimination at work. This gave more career incentives to women, as it made it easier for them to enter the world of employment.
100%
AS & A-Level Gender Gap At these levels of examinations, 48.6% of girls gained a A-B compared to boys with 42.2%.
80%
DFE (Department of Education, 2013) This government department found that in State Primary Schools, boys were 2.5x more likely than girls to have statements of special educational needs.
80%
Equal Pay Act 1970 This legislation prohibited any less favourable treatment between men and women in terms of pay and conditions of employment.
80%
Female Primary Headteachers Percentagewise, it went from 50% in 1992, to 74% in 2020.
80%
Female Secondary Headteachers Percentagewise, it went from 22% in 1992, to 40% in 2020.
80%
Female Secondary Teachers Percentagewise, it went from 49% in 1992, to 66% in 2020.
80%
GCSE Gender Gap At this level of examination, the gender gap stands at approximately 10 percentage points.
80%
Subject Choice Below is the top 8 A-Level entries by gender in 2018 (hint: what would you call it when you choose a subject to take).Females: 1. English - 48,000 2. Psychology - 42,000 3. Biology - 36,000 4. Maths - 34,000 5. Art - 29,000 6. Chemistry - 25,000 7. Sociology - 25,000 8. History - 25,000 Males: 1. Maths - 53,000 2. Physics - 27,000 3. Chemistry - 23,000 4. Biology - 21,000 5. Economics - 20,000 6. History - 20,000 7. Geography - 15,000 8. Psychology - 14,000
80%
Women Prisoners In the UK, this percentage is under 5%.
80%
Female Primary Teachers Percentagewise, it went from 81% in 1992, to 87% in 2020.
60%
Governmental Policies The UK Government has introduced these to improve boys' skills:-The Raising Boys Achievement Project: Involves a range of teaching strategies, including single-sex teaching. -The National Literacy Strategy: Includes a focus on improving boys' reading. -The Reading Champions Scheme: Uses male role models celebrating their own reading interests. -Playing for Success: Uses football and other sports to boost learning skills and motivation among boys. -The Dads and Sons Campaign: Encourages fathers to be more involved with their sons' education. These have been introduced to promote equal opportunities in education: -Girls Into Science and Technology (GIST) -Women Into Science and Engineering (WISE) These encourage girls to pursue careers in these non-traditional areas. Female scientists have visited schools, acting as role models; efforts have been made to raise science teachers' awareness of gender issues; non-sexist careers advice has been provided and learning materials in science reflecting girls' interests have been developed.
60%
Punishment In 2023, a poll commissioned by GL Assessment found that 33% of secondary school teachers think male pupils consider being asked to read as this, compared to 15% who believe female pupils regard being asked to read in the same way.
60%
Social Class Differences In 2013, 40.6% of girls from poorer families (those eligible for Free School Meals) achieved 5 A*-C GCSEs. 67.5% of girls who were not not eligible for Free School Meals achieved 5 A*-C GCSEs.
60%
Yougov (2007) This organisation found 39% of 8-11 year old boys to have had no lessons whatsoever with a male teacher.However, most boys surveyed said the presence of a male teacher made them behave better and 42% said it made them work harder.
40%
Stall 2023, a poll commissioned by GL Assessment found that 67% of teachers said that reading ability tends to be like this among many students with "average" or "just below average" reading skills at Key Stage 3, when children are aged between 11 and 14, which leaves them unable to fully access GCSEs.
20%
No matching quizzes found
Score Distribution
Percent of People with Each Score
Percentile by Number Answered
Your Score History
You have not taken this quiz